书目信息 |
| 题名: |
周恩来与文艺
|
|
| 作者: | ;中国社会科学院文学研究所图书资料室 编 | |
| 分册: | 下 | |
| 出版信息: | 北京 中国社会科学出版社 1980 |
|
| 页数: | 445页 | |
| 开本: | 20cm | |
| 丛书名: | ||
| 单 册: | ||
| 中图分类: | I200 | |
| 科图分类: | ||
| 主题词: | 文学方针--中国 , 文艺政策--中国 | |
| 电子资源: | ||
| ISBN: | ||
| 000 | 00713nam0 2200229 45 | |
| 001 | 0180002849 | |
| 005 | 20060912090233.37 | |
| 010 | @dCNY1.20 | |
| 091 | @a10190.022 | |
| 100 | @a19960215d1980 emky0chiy0121 ea | |
| 101 | 0 | @achi |
| 102 | @aCN@b110000 | |
| 105 | @ay z 000yy | |
| 200 | 10 | @a周恩来与文艺@Azhou en lai yu wen yi@h下@f中国社会科学院文学研究所图书资料室编@FZhong Guo She Hui Ke Xue Yuan Wen Xue Yan Jiu Suo Tu Shu Zi LiaoShi Bian |
| 210 | @a北京@c中国社会科学出版社@d1980 | |
| 215 | @a445页@d20cm | |
| 606 | 0 | @a文学方针@y中国 |
| 606 | 0 | @a文艺政策@y中国 |
| 690 | @aI200@v3 | |
| 711 | 02 | @a中国社会科学院文学研究所图书资料室@4编 |
| 801 | 0 | @aCN@bNLC@c20060912 |
| 905 | @dI200@e2:2@f1@b64881 | |
| 周恩来与文艺.下/中国社会科学院文学研究所图书资料室编.-北京:中国社会科学出版社,1980 |
| 445页;20cm |
| ISBN :CNY1.20 |
| ● |
| 相关链接 |
|
|
|
|
正题名:周恩来与文艺
索取号:I200/2:2
 
预约/预借
| 序号 | 登录号 | 条形码 | 馆藏地/架位号 | 状态 | 备注 |
| 1 | 0064880 | 001898021 | 密集书库/ [索取号:I200/2:2] | 在馆 | |
| 2 | 0064881 | 002010790 | 第二借阅区/ [索取号:I200/2:2] | 在馆 | |
| 3 | 0064882 | 001765432 | 密集书库/ [索取号:I200/2:2] | 在馆 | |
| 4 | 0470933 | 204709333 | 密集书库/ [索取号:I200/2:2] | 在馆 |